000 01380nam a22002657a 4500
999 _c22000
_d22000
003 AR-CdUCM
008 190425b ||||| |||| 00| 0 spa d
040 _aMUNICIPALIDAD PROVINCIAL DEL CUSCO
_cBIBLIOTECA MUNICIPAL DEL CUSCO
082 _aHist.Ecle/N°1/1989
110 _aInstituto Peruano de Historia Eclesiástica
_947113
245 _aRevista peruana de Historia Eclesiástica /
_cInstituto Peruano de Historia Eclesiástica
260 _aLima.
_bServicio copias Gráficas,
_c1989.
300 _a235 páginas. :
_c22 cm.
440 _aRevista peruana de Historia Eclesiástica.
_nN°1,1989.
_947114
505 _aContenido: Los seminarios y colegios en el Virreinato. -- Seminario de Santo Toribio de Lima. Guillermo Lohman Villena. -- Seminario de San Antonio Abad del Cuzco. Horacio Villanueva Urteaga. -- Seminario de San Jerónimo de Arequipa. -- Seminario de San Carlos y San Marcelo de Trujillo. -- Seminario de San Cristóbal de Huamanga. -- Colegio de San Bernardo de Cusco. -- Colegio de San Pedro de Nolasco...
650 _aHistoria eclesiástica
_942856
650 _aMonumento históricos
_947115
650 _aEducación colonial
_925888
650 _aHistoria del Cusco
_91714
650 _aReligión católica
_947116
700 _aVillanueva Urteaga, Horacio
_95790
700 _aLohman Villena, Guillermo
_947117
942 _2ddc
_cPP
945 _arac